00318pab a2200109 454500008004000000100002200040245005800062260000900120300001100129650002000140773004800160180718b1988 xxu||||| |||| 00| 0 eng d aAntonio, Marco Di aThe excess liquidity of commercial banking in Ethopia c1988 a71-101 aBanks - Ethopia aAfrican Review of Money Finance and Banking